| 000 | 004290000a22001450004500 | ||
|---|---|---|---|
| 005 | 20120302064600.0 | ||
| 942 | _cBOOK | ||
| 100 | _a Tembe Swami ( Shree Vasudevananda Saraswati) | ||
| 245 | _a Shree Gurucharitra kavya (Mar.Bhashantar-Shloka+ Anyaya):pratham Shatak | ||
| 260 | _apune: Govinda Atmaram Gokhale. | ||
| 300 | _a168 p. | ||
| 040 | _aMar | ||
| 365 | _bRs.30/- | ||
| 650 | _aKavya / ShreeGurucharitra / Gurucharitra | ||
| 999 |
_c362521 _d362518 |
||